[Event "46th Bulgarian Team Championship"]
[Site "Sunny Beach"]
[Date "2013.09.21"]
[Round "3"]
[Board "4"]
[White "Shtereva, Slaveja"]
[Black "Kantardzhieva, Toni"]
[Result "1/2-1/2"]
[WhiteElo "2064"]
[BlackElo "1907"]
[PlyCount "88"]
[EventDate "2013.09.19"]
[EventType "team"]
[EventRounds "7"]
[EventCountry "BUL"]
[WhiteTeam "Spartak Pleven XXI"]
[BlackTeam "Viktory, Blagoevgrad"]

1. c4 e6 2. Nc3 d5 3. cxd5 exd5 4. d4 Nf6 5. Bg5 Be7 6. e3 O-O 7. Bd3 h6 8. Bh4
b6 9. Nf3 Bb7 10. Ne5 Nbd7 11. Bxf6 Bxf6 12. Ng4 Be7 13. Qf3 Nf6 14. Qf5 Re8
15. O-O Kf8 16. Ne5 Qc8 17. f4 Qxf5 18. Bxf5 a6 19. g4 g5 20. fxg5 hxg5 21. h4
gxh4 22. g5 Ne4 23. Nxe4 dxe4 24. Be6 Bf6 25. Bxf7 Bxg5 26. Bd5+ Kg7 27. Bxb7
Bxe3+ 28. Kh1 Rad8 29. Rf7+ Kg8 30. Rxc7 Bxd4 31. Nf7 Be5 32. Nh6+ Kh8 33. Nf7+
Kg8 34. Rg1+ Kf8 35. Nxe5 Rxe5 36. Rgg7 Re6 37. Bxa6 Rd1+ 38. Kg2 Rd2+ 39. Kh3
Rf6 40. Rh7 Rf3+ 41. Kg4 Rg2+ 42. Kh5 Rf5+ 43. Kh6 Rf6+ 44. Kh5 Rf5+ 1/2-1/2

[Event "46th Bulgarian Team Championship"]
[Site "Sunny Beach"]
[Date "2013.09.21"]
[Round "3"]
[Board "2"]
[White "Voiska, Margarita"]
[Black "Genova, Lyubka"]
[Result "1/2-1/2"]
[WhiteElo "2275"]
[BlackElo "2269"]
[PlyCount "68"]
[EventDate "2013.09.19"]
[EventType "team"]
[EventRounds "7"]
[EventCountry "BUL"]
[WhiteTeam "Lokomotiv, Plovdiv"]
[BlackTeam "CSKA, Sofia"]

1. d4 Nf6 2. Nf3 g6 3. g3 Bg7 4. Bg2 O-O 5. O-O d6 6. c4 Nbd7 7. Nc3 e5 8. e4
exd4 9. Nxd4 Re8 10. Re1 Nc5 11. h3 c6 12. Nb3 Nfd7 13. Qxd6 Bf8 14. Qd1 Ne5
15. Qxd8 Rxd8 16. Bg5 Re8 17. Nxc5 Bxc5 18. Be3 Bxe3 19. Rxe3 Nxc4 20. Re2 Be6
21. b3 Nb6 22. Rd2 Red8 23. Rad1 Rxd2 24. Rxd2 Kf8 25. e5 Ke7 26. f4 h5 27. Kf2
Rc8 28. Ne4 Bd5 29. g4 hxg4 30. hxg4 Bxe4 31. Bxe4 Rh8 32. Bg2 Nd7 33. Kg3 g5
34. fxg5 Nxe5 1/2-1/2

[Event "46th Bulgarian Team Championship"]
[Site "Sunny Beach"]
[Date "2013.09.22"]
[Round "4"]
[Board "1"]
[White "Nestorova, Lozanka"]
[Black "Strutinskaya, Galina N"]
[Result "0-1"]
[WhiteElo "2019"]
[BlackElo "2292"]
[PlyCount "71"]
[EventDate "2013.09.19"]
[EventType "team"]
[EventRounds "7"]
[EventCountry "BUL"]
[WhiteTeam "Ivis-plus, Sofia"]
[BlackTeam "Lokomotiv, Plovdiv"]

1. Nf3 e6 2. g3 b5 3. Bg2 Bb7 4. d4 c5 5. c3 Nf6 6. O-O Be7 7. Nbd2 O-O 8. a4
b4 9. Nc4 Bd5 10. Ne3 Be4 11. Bd2 Nc6 12. dxc5 Bxc5 13. cxb4 Nxb4 14. Rc1 Qe7
15. Nc4 Rac8 16. Bxb4 Bxb4 17. Nfe5 Bxg2 18. Kxg2 d5 19. Nd2 Rxc1 20. Qxc1 Qb7
21. Ndf3 Rc8 22. Qb1 Qa6 23. Rc1 Bd6 24. Rxc8+ Qxc8 25. Qd3 h6 26. Qb5 Qc7 27.
Nc6 Ne4 28. e3 h5 29. h4 Bxg3 30. Ng5 Nd6 31. Qa6 Bxh4 32. Nf3 Bf6 33. Nfd4
Bxd4 34. exd4 Nf5 35. b4 h4 36. b5 0-1

[Event "46th Bulgarian Team Championship"]
[Site "Sunny Beach"]
[Date "2013.09.22"]
[Round "4"]
[Board "2"]
[White "Voiska, Margarita"]
[Black "Parvanova, Desislava"]
[Result "1-0"]
[WhiteElo "2275"]
[BlackElo "1983"]
[PlyCount "67"]
[EventDate "2013.09.19"]
[EventType "team"]
[EventRounds "7"]
[EventCountry "BUL"]
[WhiteTeam "Lokomotiv, Plovdiv"]
[BlackTeam "Ivis-plus, Sofia"]

1. d4 c5 2. d5 g6 3. e4 Bg7 4. Nf3 d6 5. Be2 Nf6 6. Nc3 O-O 7. O-O a6 8. a4
Nbd7 9. Re1 Qc7 10. h3 b6 11. Bf4 Rb8 12. Bc4 Nh5 13. Bh2 Ne5 14. Nxe5 Bxe5 15.
Qd3 Ra8 16. Bxe5 dxe5 17. Qe3 Nf4 18. h4 Kg7 19. g3 Nh5 20. Qd2 Qd7 21. Be2 Nf6
22. Qg5 Qd6 23. Qd2 Bb7 24. Rad1 Rad8 25. Qe3 h6 26. b3 Qd7 27. Bf1 Bc8 28. a5
Ng4 29. Qe2 bxa5 30. Bh3 f5 31. f3 h5 32. exf5 Qxf5 33. fxg4 hxg4 34. Bg2 1-0

[Event "46th Bulgarian Team Championship"]
[Site "Sunny Beach"]
[Date "2013.09.22"]
[Round "4"]
[Board "3"]
[White "Draganova, Petranka"]
[Black "Genova, Ruzhka"]
[Result "0-1"]
[WhiteElo "1983"]
[BlackElo "2211"]
[PlyCount "84"]
[EventDate "2013.09.19"]
[EventType "team"]
[EventRounds "7"]
[EventCountry "BUL"]
[WhiteTeam "Ivis-plus, Sofia"]
[BlackTeam "Lokomotiv, Plovdiv"]

1. e4 c5 2. c3 d6 3. d4 Nd7 4. Nf3 Qc7 5. Bd3 Ngf6 6. Qe2 cxd4 7. Nxd4 a6 8.
O-O g6 9. f4 Bg7 10. Nd2 O-O 11. N4f3 Nc5 12. Bc2 b5 13. Nb3 Nxb3 14. axb3 Bb7
15. f5 b4 16. c4 Nd7 17. Kh1 Nc5 18. Rb1 a5 19. Bf4 a4 20. Nd2 a3 21. bxa3 Rxa3
22. Rfe1 Ra2 23. Bd3 Bc6 24. Rec1 Qb7 25. Rc2 Rfa8 26. fxg6 hxg6 27. Rxa2 Rxa2
28. Qe3 Qa8 29. h3 Bc3 30. Rd1 Ne6 31. Nf3 Nxf4 32. Qxf4 Ra1 33. Bb1 Bxe4 34.
Ng5 Bxg2+ 35. Kg1 Bf6 36. Qh4 Bxg5 37. Qxg5 Bxh3 38. Kh2 Bf5 39. Qxe7 Rxb1 40.
Rxb1 Qa2+ 41. Kg3 Qxb1 42. Qxd6 Qxb3+ 0-1

[Event "46th Bulgarian Team Championship"]
[Site "Sunny Beach"]
[Date "2013.09.22"]
[Round "4"]
[Board "2"]
[White "Genova, Lyubka"]
[Black "Andreeva, Plamena"]
[Result "1-0"]
[WhiteElo "2269"]
[BlackElo "2085"]
[PlyCount "78"]
[EventDate "2013.09.19"]
[EventType "team"]
[EventRounds "7"]
[EventCountry "BUL"]
[WhiteTeam "CSKA, Sofia"]
[BlackTeam "Spartak Pleven XXI"]

1. e4 c5 2. Nf3 e6 3. c4 a6 4. Nc3 Nc6 5. Be2 g6 6. d4 cxd4 7. Nxd4 Bg7 8. Be3
Nge7 9. Nc2 f5 10. f3 O-O 11. Qd2 Qc7 12. O-O b6 13. Rad1 f4 14. Bf2 Rb8 15. b4
Ne5 16. c5 b5 17. a4 bxa4 18. Nxa4 N7c6 19. Nb6 Na7 20. Ra1 Nb5 21. Nd4 Nxd4
22. Bxd4 Nc6 23. Bxg7 Kxg7 24. Bxa6 Rxb6 25. Bxc8 Rxb4 26. Qxd7+ Qxd7 27. Bxd7
Nd4 28. c6 Rc4 29. Ra7 Nb5 30. Rb7 Nd6 31. Bxe6+ Nxb7 32. Bxc4 Na5 33. Bd5 Rc8
34. Rc1 Nb7 35. c7 Nd6 36. Be6 Re8 37. c8=Q Nxc8 38. Bxc8 Re7 39. Kf2 Kf6 1-0

[Event "46th Bulgarian Team Championship"]
[Site "Sunny Beach"]
[Date "2013.09.22"]
[Round "4"]
[Board "4"]
[White "Gocheva, Rumiana"]
[Black "Shtereva, Slaveja"]
[Result "1-0"]
[WhiteElo "2134"]
[BlackElo "2064"]
[PlyCount "141"]
[EventDate "2013.09.19"]
[EventType "team"]
[EventRounds "7"]
[EventCountry "BUL"]
[WhiteTeam "CSKA, Sofia"]
[BlackTeam "Spartak Pleven XXI"]

1. e4 c5 2. Nf3 e6 3. d3 Nc6 4. g3 d6 5. Bg2 g6 6. O-O Bg7 7. c3 Nge7 8. Na3
O-O 9. Be3 Rb8 10. Qd2 b5 11. Bh6 b4 12. Nc4 bxc3 13. bxc3 d5 14. Bxg7 Kxg7 15.
exd5 exd5 16. Nce5 Nxe5 17. Nxe5 Qb6 18. d4 c4 19. h3 Be6 20. Ng4 Nf5 21. Rfe1
h5 22. Ne3 Ne7 23. Re2 Qa5 24. Rae1 Rb5 25. Nf1 Qb6 26. Qg5 Qd6 27. g4 hxg4 28.
hxg4 Ng8 29. Ng3 Qd8 30. Nh5+ Kh7 31. Qxd8 Rxd8 32. Nf4 Bxg4 33. Re5 Kg7 34.
Rxd5 Rdxd5 35. Nxd5 Nf6 36. Ne3 Be6 37. Bc6 Ra5 38. a4 Rg5+ 39. Kf1 Bd5 40. Bb5
Bf3 41. Rc1 Rh5 42. Ke1 Rh1+ 43. Nf1 Bd5 44. f3 Nh5 45. Kf2 Nf4 46. Rb1 g5 47.
Bd7 Kg6 48. Rb5 Nd3+ 49. Ke3 Rxf1 50. Rxd5 Re1+ 51. Kd2 Rf1 52. Bg4 Ra1 53.
Bf5+ Kf6 54. Bxd3 cxd3 55. Kxd3 Rxa4 56. Ke4 Rc4 57. Kd3 Rc7 58. c4 Kg6 59. c5
f5 60. Rd6+ Kh5 61. Rf6 f4 62. c6 Kh4 63. d5 Kg3 64. Ke4 Re7+ 65. Re6 Rg7 66.
d6 g4 67. fxg4 f3 68. Rf6 Rxg4+ 69. Ke3 Ra4 70. Rg6+ Kh4 71. Kxf3 1-0

[Event "46th Bulgarian Team Championship"]
[Site "Sunny Beach"]
[Date "2013.09.22"]
[Round "4"]
[Board "2"]
[White "Pionova, Sonja"]
[Black "Nikolova, Adriana"]
[Result "0-1"]
[WhiteElo "2058"]
[BlackElo "2274"]
[PlyCount "44"]
[EventDate "2013.09.19"]
[EventType "team"]
[EventRounds "7"]
[EventCountry "BUL"]
[WhiteTeam "Viktory, Blagoevgrad"]
[BlackTeam "Lokomotiv 2000, Plovdiv"]

1. e4 c5 2. b3 Nc6 3. Bb5 Nd4 4. Bc4 e6 5. c3 Nc6 6. d4 cxd4 7. cxd4 d5 8. exd5
exd5 9. Be2 Bb4+ 10. Kf1 Nge7 11. Bb2 O-O 12. Bf3 Be6 13. Ne2 Nf5 14. Nf4 Qf6
15. Nc3 Rad8 16. Nce2 Ba5 17. Ba3 Bb4 18. Bb2 g6 19. g3 g5 20. Nd3 Ne3+ 21.
fxe3 Qxf3+ 22. Nf2 Bh3+ 0-1

[Event "46th Bulgarian Team Championship"]
[Site "Sunny Beach"]
[Date "2013.09.22"]
[Round "4"]
[Board "1"]
[White "Sandu, Mihaela"]
[Black "Raeva, Elitsa"]
[Result "0-1"]
[WhiteElo "2267"]
[BlackElo "2327"]
[PlyCount "78"]
[EventDate "2013.09.19"]
[EventType "team"]
[EventRounds "7"]
[EventCountry "BUL"]
[WhiteTeam "Marek-Union Ivkoni, Dupnitsa"]
[BlackTeam "Shah XXI, Sofia"]

1. e4 c5 2. Nf3 Nc6 3. d4 cxd4 4. Nxd4 g6 5. c4 Bg7 6. Be3 Nf6 7. Nc3 O-O 8.
Be2 d6 9. O-O Bd7 10. Qd2 Nxd4 11. Bxd4 Bc6 12. f3 a5 13. b3 Nd7 14. Be3 Nc5
15. Rab1 Qb6 16. Rfc1 Rfc8 17. Rc2 h5 18. Kh1 Kh7 19. a3 Qd8 20. b4 axb4 21.
axb4 Na4 22. Nd1 Qh8 23. b5 Be8 24. Qd5 e6 25. Qxb7 Bd4 26. Rd2 Bxe3 27. Nxe3
Qc3 28. Nf1 Nc5 29. Qb6 Nb3 30. Rxd6 Ra2 31. Rd3 Qxc4 32. Rd2 Qa4 33. Rd8 Rxd8
34. Qxd8 Rxe2 35. Qxe8 Kg7 36. Qc6 Qd4 37. e5 Qf2 38. f4 Nd4 39. Qa8 Re1 0-1

[Event "46th Bulgarian Team Championship"]
[Site "Sunny Beach"]
[Date "2013.09.22"]
[Round "4"]
[Board "2"]
[White "Velcheva, Maria"]
[Black "Bednikova, Stefi"]
[Result "1/2-1/2"]
[WhiteElo "2268"]
[BlackElo "2043"]
[PlyCount "61"]
[EventDate "2013.09.19"]
[EventType "team"]
[EventRounds "7"]
[EventCountry "BUL"]
[WhiteTeam "Shah XXI, Sofia"]
[BlackTeam "Marek-Union Ivkoni, Dupnitsa"]

1. e4 c5 2. Nf3 d6 3. d4 cxd4 4. Nxd4 Nf6 5. Nc3 a6 6. a4 Nc6 7. Be2 e6 8. O-O
Be7 9. Be3 Qc7 10. f4 O-O 11. Kh1 Re8 12. Bg1 Bd7 13. Qd3 Nxd4 14. Bxd4 e5 15.
fxe5 dxe5 16. Qg3 Bd8 17. Be3 Bc6 18. Bh6 g6 19. Qf3 b6 20. Bc4 Ra7 21. Qe2 Qc8
22. Rf2 Ng4 23. Be3 Nxe3 24. Qxe3 Kg7 25. Raf1 f6 26. Nd5 Bxd5 27. Bxd5 Rd7 28.
b3 Rd6 29. Rd2 Qc5 30. Qxc5 bxc5 31. Rfd1 1/2-1/2

[Event "46th Bulgarian Team Championship"]
[Site "Sunny Beach"]
[Date "2013.09.22"]
[Round "4"]
[Board "4"]
[White "Stefanova, Milena"]
[Black "Baninska, Tanja"]
[Result "1-0"]
[WhiteElo "2001"]
[BlackElo "2099"]
[PlyCount "107"]
[EventDate "2013.09.19"]
[EventType "team"]
[EventRounds "7"]
[EventCountry "BUL"]
[WhiteTeam "Shah XXI, Sofia"]
[BlackTeam "Marek-Union Ivkoni, Dupnitsa"]

1. e4 c5 2. c3 e6 3. d4 d5 4. exd5 exd5 5. Bd3 Nc6 6. Nf3 c4 7. Bc2 Bd6 8. O-O
Nge7 9. Re1 O-O 10. Ne5 Bf5 11. Bxf5 Nxf5 12. Qf3 Nce7 13. Qh3 f6 14. Nf3 g6
15. Nbd2 Qa5 16. Nf1 Rae8 17. Bd2 Nc8 18. Ng3 Bxg3 19. hxg3 Ncd6 20. g4 Ng7 21.
g5 f5 22. Ne5 Ne6 23. Nd7 Ne4 24. Nxf8 Rxf8 25. f3 N4xg5 26. Bxg5 Nxg5 27. Qg3
Qd8 28. Qe5 Kf7 29. b3 Re8 30. Qxe8+ Qxe8 31. Rxe8 Kxe8 32. bxc4 dxc4 33. Rb1
b6 34. Rb4 Kd7 35. Rxc4 Ne6 36. Rb4 Nf4 37. Rb3 Kc6 38. Kf2 Kd5 39. g3 Nh5 40.
Ra3 a5 41. Rb3 Kc6 42. a4 Nf6 43. c4 Ne8 44. Ke3 Nd6 45. Kd3 h6 46. Rb1 Nf7 47.
Re1 Kd7 48. d5 Ng5 49. f4 Ne4 50. Rxe4 fxe4+ 51. Kxe4 Kd6 52. f5 gxf5+ 53. Kxf5
b5 54. cxb5 1-0

[Event "46th Bulgarian Team Championship"]
[Site "Sunny Beach"]
[Date "2013.09.23"]
[Round "5"]
[Board "1"]
[White "Raeva, Elitsa"]
[Black "Nestorova, Lozanka"]
[Result "1-0"]
[WhiteElo "2327"]
[BlackElo "2019"]
[PlyCount "39"]
[EventDate "2013.09.19"]
[EventType "team"]
[EventRounds "7"]
[EventCountry "BUL"]
[WhiteTeam "Shah XXI, Sofia"]
[BlackTeam "Ivis-plus, Sofia"]

1. d4 g6 2. c4 Bg7 3. Nc3 c5 4. e3 Nf6 5. Nf3 O-O 6. Be2 cxd4 7. Nxd4 Nc6 8.
Nc2 d6 9. O-O Be6 10. e4 Rc8 11. Rb1 Qa5 12. Bd2 Rfe8 13. Kh1 Qd8 14. f4 Nb8
15. b3 Na6 16. Bf3 Nc5 17. Qe2 Bd7 18. e5 dxe5 19. fxe5 Nh5 20. g4 1-0

[Event "46th Bulgarian Team Championship"]
[Site "Sunny Beach"]
[Date "2013.09.23"]
[Round "5"]
[Board "3"]
[White "Maksimovic, Suzana"]
[Black "Draganova, Petranka"]
[Result "1-0"]
[WhiteElo "2182"]
[BlackElo "1983"]
[PlyCount "116"]
[EventDate "2013.09.19"]
[EventType "team"]
[EventRounds "7"]
[EventCountry "BUL"]
[WhiteTeam "Shah XXI, Sofia"]
[BlackTeam "Ivis-plus, Sofia"]

1. d4 b5 2. e4 Bb7 3. Qd3 e6 4. Nd2 a6 5. Qg3 d6 6. Ngf3 Nd7 7. Bd3 Ngf6 8. a4
bxa4 9. O-O g6 10. e5 Nh5 11. Qg4 dxe5 12. dxe5 Nc5 13. Ne4 Nxd3 14. cxd3 Be7
15. Rxa4 Qd7 16. Bg5 O-O 17. Rd4 Qe8 18. Qh4 Bxg5 19. Nfxg5 Bxe4 20. Nxe4 f5
21. exf6 Qf7 22. Rc1 Nxf6 23. Nxf6+ Qxf6 24. Qxf6 Rxf6 25. Rxc7 Rf7 26. Rxf7
Kxf7 27. Rd7+ Kf6 28. g3 Rb8 29. Ra7 Rxb2 30. Rxa6 Rb3 31. Rd6 Ke7 32. Rd4 h5
33. Kf1 e5 34. Re4 Rxd3 35. Rxe5+ Kf6 36. Ra5 Rb3 37. Kg2 g5 38. h3 Kg6 39. Rc5
Ra3 40. Rc6+ Kf5 41. Rh6 h4 42. gxh4 g4 43. hxg4+ Kxg4 44. Rh8 Ra5 45. f3+ Kf4
46. Rf8+ Ke5 47. Kg3 Ra1 48. Kg4 Rg1+ 49. Kh5 Ke6 50. Kh6 Ke7 51. Rf4 Rg3 52.
h5 Ke8 53. Kh7 Ke7 54. h6 Ke8 55. Kh8 Ke7 56. h7 Ke8 57. Rg4 Rxf3 58. Kg7 Rf7+
1-0

[Event "46th Bulgarian Team Championship"]
[Site "Sunny Beach"]
[Date "2013.09.23"]
[Round "5"]
[Board "2"]
[White "Bednikova, Stefi"]
[Black "Pionova, Sonja"]
[Result "1-0"]
[WhiteElo "2043"]
[BlackElo "2058"]
[PlyCount "99"]
[EventDate "2013.09.19"]
[EventType "team"]
[EventRounds "7"]
[EventCountry "BUL"]
[WhiteTeam "Marek-Union Ivkoni, Dupnitsa"]
[BlackTeam "Viktory, Blagoevgrad"]

1. e3 c5 2. b3 e6 3. Bb2 Nf6 4. Nf3 Be7 5. Be2 O-O 6. O-O b6 7. d4 Bb7 8. Nbd2
d6 9. c4 Nbd7 10. Re1 Qc7 11. Bf1 Rac8 12. e4 cxd4 13. Nxd4 a6 14. Rc1 Qb8 15.
f3 Rfe8 16. Kh1 Bd8 17. Qe2 Bc7 18. f4 e5 19. Nf5 exf4 20. Qf3 d5 21. cxd5 b5
22. Rxc7 Qxc7 23. Rc1 Qb8 24. Rxc8 Bxc8 25. d6 Nc5 26. Nxg7 Qxd6 27. Nxe8 Nxe8
28. Qc3 f6 29. Ba3 Nxe4 30. Nxe4 Qxa3 31. Qxc8 Qe7 32. Nxf6+ Qxf6 33. Qxe8+ Kg7
34. Qd7+ Kh6 35. Qd2 Kg7 36. h3 Qe5 37. Qe2 Qd6 38. Qe4 Qd2 39. Bd3 Qf2 40.
Qxh7+ Kf6 41. Qg6+ Ke7 42. Kh2 Kd8 43. Be4 Ke7 44. Bf3 Qxa2 45. Qe4+ Kd7 46.
Bg4+ Kd8 47. Qd5+ Ke7 48. Qe5+ Kd8 49. Qd6+ Ke8 50. Bh5# 1-0

[Event "46th Bulgarian Team Championship"]
[Site "Sunny Beach"]
[Date "2013.09.23"]
[Round "5"]
[Board "3"]
[White "Tsekova, Viktoria"]
[Black "Savova, Stefka"]
[Result "1/2-1/2"]
[WhiteElo "1901"]
[BlackElo "2112"]
[PlyCount "62"]
[EventDate "2013.09.19"]
[EventType "team"]
[EventRounds "7"]
[EventCountry "BUL"]
[WhiteTeam "Viktory, Blagoevgrad"]
[BlackTeam "Marek-Union Ivkoni, Dupnitsa"]

1. Nf3 Nf6 2. c4 d6 3. g3 e5 4. d3 Nbd7 5. Bg2 Be7 6. Nc3 c6 7. O-O Nf8 8. Qc2
Ng6 9. d4 Bd7 10. b3 h5 11. Bg5 Qc8 12. dxe5 dxe5 13. Rfd1 Bf5 14. Qb2 Qc7 15.
Rd2 O-O 16. Rad1 Rad8 17. Nh4 Nxh4 18. Bxh4 Rxd2 19. Qxd2 Rd8 20. Qc1 Rxd1+ 21.
Qxd1 Qd8 22. Qxd8+ Bxd8 23. Bf3 g6 24. e4 Be6 25. Bg5 Kg7 26. Be3 a5 27. Na4
Nd7 28. Nc5 Nxc5 29. Bxc5 a4 30. Be2 axb3 31. axb3 f6 1/2-1/2

[Event "46th Bulgarian Team Championship"]
[Site "Sunny Beach"]
[Date "2013.09.23"]
[Round "5"]
[Board "4"]
[White "Baninska, Tanja"]
[Black "Kantardzhieva, Toni"]
[Result "1-0"]
[WhiteElo "2099"]
[BlackElo "1907"]
[PlyCount "91"]
[EventDate "2013.09.19"]
[EventType "team"]
[EventRounds "7"]
[EventCountry "BUL"]
[WhiteTeam "Marek-Union Ivkoni, Dupnitsa"]
[BlackTeam "Viktory, Blagoevgrad"]

1. d4 d5 2. c4 e6 3. Nf3 b6 4. cxd5 exd5 5. Nc3 Nf6 6. Bg5 Be7 7. e3 O-O 8. Bd3
Bb7 9. O-O Nbd7 10. Rc1 Rc8 11. Qe2 Re8 12. Rfd1 Ne4 13. Bf4 Bd6 14. Bxd6 Nxd6
15. Nb5 Nxb5 16. Bxb5 c6 17. Bd3 Qe7 18. h4 g6 19. Bb1 f5 20. h5 Kg7 21. g3 Rf8
22. Kg2 f4 23. hxg6 Rce8 24. Rh1 hxg6 25. Qd3 Qe6 26. exf4 Qe4 27. Qxe4 dxe4
28. Ng5 Nf6 29. Rhe1 c5 30. dxc5 bxc5 31. Rxc5 Re7 32. Re5 Rfe8 33. Rxe7+ Rxe7
34. Kf1 Re8 35. a3 Re7 36. b4 a6 37. Bc2 Bd5 38. f3 e3 39. Ne4 Rc7 40. Bd3 Bb7
41. Rxe3 Rc1+ 42. Kf2 Nd5 43. Re1 Rc6 44. Nc5 Bc8 45. Be4 Rd6 46. Rd1 1-0

[Event "46th Bulgarian Team Championship"]
[Site "Sunny Beach"]
[Date "2013.09.23"]
[Round "5"]
[Board "1"]
[White "Stojanovic, Andjelija"]
[Black "Videnova, Iva"]
[Result "1/2-1/2"]
[WhiteElo "2303"]
[BlackElo "2293"]
[PlyCount "61"]
[EventDate "2013.09.19"]
[EventType "team"]
[EventRounds "7"]
[EventCountry "BUL"]
[WhiteTeam "CSKA, Sofia"]
[BlackTeam "Lokomotiv 2000, Plovdiv"]

1. g3 g6 2. Bg2 Bg7 3. c4 c5 4. Nc3 e6 5. Nf3 Nc6 6. d4 cxd4 7. Nb5 d5 8. cxd5
Qa5+ 9. Qd2 Qxb5 10. dxc6 Qxc6 11. O-O Qb6 12. b3 Ne7 13. Ba3 e5 14. Ng5 f5 15.
Rfc1 h6 16. Nf3 Kf7 17. Rc5 Nc6 18. Rac1 Be6 19. Rxc6 bxc6 20. Rxc6 Qd8 21. Bd6
Rc8 22. Nxe5+ Kg8 23. Rxc8 Bxc8 24. Qxd4 Kh7 25. Qd5 Re8 26. f4 Bb7 27. Qf7
Qxd6 28. Qxe8 Qd1+ 29. Kf2 Qd4+ 30. Kf1 Qd1+ 31. Kf2 1/2-1/2

[Event "46th Bulgarian Team Championship"]
[Site "Sunny Beach"]
[Date "2013.09.23"]
[Round "5"]
[Board "2"]
[White "Nikolova, Adriana"]
[Black "Genova, Lyubka"]
[Result "1/2-1/2"]
[WhiteElo "2274"]
[BlackElo "2269"]
[PlyCount "66"]
[EventDate "2013.09.19"]
[EventType "team"]
[EventRounds "7"]
[EventCountry "BUL"]
[WhiteTeam "Lokomotiv 2000, Plovdiv"]
[BlackTeam "CSKA, Sofia"]

1. e4 c5 2. Nf3 e6 3. c3 Nf6 4. e5 Nd5 5. d4 cxd4 6. cxd4 d6 7. a3 Nc6 8. Bd3
g6 9. Bg5 Qc7 10. Nc3 Nxc3 11. bxc3 Bg7 12. exd6 Qxd6 13. O-O O-O 14. Bb5 a6
15. Bxc6 Qxc6 16. Qd3 b5 17. Nd2 Bb7 18. f3 e5 19. Ne4 exd4 20. cxd4 Qc4 21.
Rfd1 Qxd3 22. Rxd3 h6 23. Bh4 g5 24. Bf2 Rfd8 25. g4 Rac8 26. Rad1 Bd5 27. h4
f6 28. Ng3 Bf8 29. Be1 Bc4 30. Re3 Re8 31. Ne4 Kg7 32. hxg5 hxg5 33. Kf2 Bd5
1/2-1/2

[Event "46th Bulgarian Team Championship"]
[Site "Sunny Beach"]
[Date "2013.09.23"]
[Round "5"]
[Board "1"]
[White "Strutinskaya, Galina N"]
[Black "Arutyunova, Diana"]
[Result "0-1"]
[WhiteElo "2292"]
[BlackElo "2267"]
[PlyCount "60"]
[EventDate "2013.09.19"]
[EventType "team"]
[EventRounds "7"]
[EventCountry "BUL"]
[WhiteTeam "Lokomotiv, Plovdiv"]
[BlackTeam "Spartak Pleven XXI"]

1. d4 Nf6 2. Nf3 c5 3. e3 e6 4. c4 d5 5. Nc3 Nc6 6. a3 cxd4 7. Nxd4 Be7 8. Be2
O-O 9. O-O Bd7 10. cxd5 Nxd5 11. Nxd5 exd5 12. Bf3 Bf6 13. Ne2 Ne5 14. Qxd5 Bc6
15. Qxd8 Nxf3+ 16. gxf3 Rfxd8 17. Kg2 Rac8 18. Nf4 Be5 19. e4 Bb5 20. Nd5 Bxf1+
21. Kxf1 Rc2 22. Be3 b6 23. Rd1 Kf8 24. b3 f5 25. h4 f4 26. Bd4 Bxd4 27. Rxd4
Rc3 28. Ra4 Rxf3 29. Rxa7 Rxb3 30. Ke2 Re8 {...42} 0-1

[Event "46th Bulgarian Team Championship"]
[Site "Sunny Beach"]
[Date "2013.09.23"]
[Round "5"]
[Board "2"]
[White "Andreeva, Plamena"]
[Black "Voiska, Margarita"]
[Result "0-1"]
[WhiteElo "2085"]
[BlackElo "2275"]
[PlyCount "182"]
[EventDate "2013.09.19"]
[EventType "team"]
[EventRounds "7"]
[EventCountry "BUL"]
[WhiteTeam "Spartak Pleven XXI"]
[BlackTeam "Lokomotiv, Plovdiv"]

1. e4 c5 2. Nc3 a6 3. Nf3 e6 4. g3 b5 5. Bg2 Bb7 6. d3 Nf6 7. O-O d5 8. exd5
Nxd5 9. Nxd5 Bxd5 10. Be3 Be7 11. a4 Nd7 12. d4 O-O 13. dxc5 Bxc5 14. Bxc5 Nxc5
15. axb5 axb5 16. Qd4 Rc8 17. Rfd1 Qc7 18. Ne1 Bxg2 19. Nxg2 Na4 20. Ne3 Qe7
21. Qe5 Qb7 22. Rd3 Nc5 23. Rc3 Nd7 24. Qd4 Rxc3 25. Qxc3 Qe4 26. Nf1 Ne5 27.
Nd2 Qe2 28. Qe3 Qxe3 29. fxe3 f6 30. Kf2 Rc8 31. c3 Nd3+ 32. Ke2 Nxb2 33. Ra3
Nc4 34. Nxc4 Rxc4 35. Rb3 Rc5 36. Kd3 Rd5+ 37. Ke2 h5 38. e4 Re5 39. Kd3 Kh7
40. Rb4 Kh6 41. c4 bxc4+ 42. Rxc4 g5 43. h3 Kg6 44. Rc8 Ra5 45. Ke3 Ra3+ 46.
Kf2 h4 47. gxh4 gxh4 48. Kg2 Rg3+ 49. Kh2 Re3 50. Rg8+ Kh5 51. Rg4 Re2+ 52. Kg1
e5 53. Kh1 Rf2 54. Rg1 Rf4 55. Re1 Rf3 56. Kh2 Rg3 57. Rf1 Re3 58. Rxf6 Re2+
59. Kg1 Rxe4 60. Rf5+ Kg6 61. Rf2 Re3 62. Kh2 Kg5 63. Rg2+ Kf5 64. Rg4 Re2+ 65.
Kg1 Re4 66. Rg8 Rf4 67. Kg2 Rd4 68. Rf8+ Ke4 69. Rf2 Rd3 70. Re2+ Re3 71. Ra2
Rg3+ 72. Kh2 Kf3 73. Ra3+ Kf4 74. Ra8 Rd3 75. Rf8+ Ke3 76. Rh8 Rd4 77. Kg2 Rf4
78. Ra8 Rf2+ 79. Kg1 Rf3 80. Kg2 Rg3+ 81. Kh2 e4 82. Rh8 Kf2 83. Rxh4 e3 84.
Re4 Rf3 85. Rb4 e2 86. Rb2 Kf1 87. Rb1+ e1=Q 88. Rxe1+ Kxe1 89. Kg2 Ke2 90. h4
Ke3 91. h5 Rf5 0-1

[Event "46th Bulgarian Team Championship"]
[Site "Sunny Beach"]
[Date "2013.09.24"]
[Round "6"]
[Board "1"]
[White "Nestorova, Lozanka"]
[Black "Arutyunova, Diana"]
[Result "0-1"]
[WhiteElo "2019"]
[BlackElo "2267"]
[PlyCount "55"]
[EventDate "2013.09.19"]
[EventType "team"]
[EventRounds "7"]
[EventCountry "BUL"]
[WhiteTeam "Ivis-plus, Sofia"]
[BlackTeam "Spartak Pleven XXI"]

1. d4 e6 2. Nf3 f5 3. Bg5 Be7 4. Bxe7 Qxe7 5. e3 Qb4+ 6. Nbd2 Qxb2 7. Bd3 Qb4
8. O-O d5 9. Ne5 Nf6 10. c4 Qd6 11. c5 Qe7 12. Rb1 O-O 13. f4 b6 14. Rc1 Nfd7
15. Nb3 Nxe5 16. dxe5 Ba6 17. Qe2 Bxd3 18. Qxd3 a5 19. cxb6 cxb6 20. Nd4 Na6
21. Qb5 Rfb8 22. Rc6 Kf7 23. Rb1 Nc5 24. Rxb6 Nd7 25. Rb7 Rxb7 26. Qxb7 Rb8 27.
Qxb8 Nxb8 28. Rxb8 {...} 0-1

[Event "46th Bulgarian Team Championship"]
[Site "Sunny Beach"]
[Date "2013.09.24"]
[Round "6"]
[Board "3"]
[White "Draganova, Petranka"]
[Black "Yordanova, Svetla"]
[Result "0-1"]
[WhiteElo "1983"]
[BlackElo "2053"]
[PlyCount "78"]
[EventDate "2013.09.19"]
[EventType "team"]
[EventRounds "7"]
[EventCountry "BUL"]
[WhiteTeam "Ivis-plus, Sofia"]
[BlackTeam "Spartak Pleven XXI"]

1. e4 e6 2. d4 d5 3. Nc3 Nf6 4. Bg5 Be7 5. e5 Nfd7 6. h4 h6 7. Bxe7 Qxe7 8. Qg4
O-O 9. f4 c5 10. Nf3 Nc6 11. Nb5 a6 12. Nd6 cxd4 13. O-O-O Nc5 14. Nxd4 Bd7 15.
Nb3 f5 16. Qe2 Ne4 17. Nxe4 fxe4 18. g3 Nb4 19. Kb1 Bb5 20. Qd2 Bxf1 21. Rhxf1
Rac8 22. Nd4 Nc6 23. Qe2 Nxd4 24. Rxd4 b5 25. Qd2 Qc7 26. g4 Qxe5 27. a4 e3 28.
Qd3 e2 29. Re1 Qf6 30. g5 hxg5 31. hxg5 Qf5 32. Qxe2 Rc6 33. Qh2 Kf7 34. Re5
Qg4 35. g6+ Ke7 36. Re3 Qxg6 37. Rxd5 Rf5 38. Qh4+ Qf6 39. Rxf5 Qxh4 0-1